00919nam a2200253 i 4500001000700000003000900007005001700016007000300033008004100036020001800077080002100095100003100116245008800147260004900235300003500284490003400319500004300353650002700396700002600423830004200449852003300491999001900524952012200543107352ES-MaACL20230906184409.0t|070104s1987 fr ||||1| fre d a2-7005-0116-0 a811.162.1(075.4)1 aKuszmider, Barbara.96908413aLe polonais sans peine / cpar Barbara Kuszmider ; illustrations de J.-L. Goussé. aChennevières S/Marne : bAssimil, c[1987] aVII, 484 p. : bil. ; c18 cm.1 aMéthode quotidienne Assimil aBiblioteca Jacinto Martínez Lacalle.14aLengua polaca.91401771 aGoussé, J.L.9593690 aMéthode quotidienne Assimil9185350 aES-MaACLjE-11501 bR.139495 c107352d107352 00104070aATENEOMbATENEOMcDEPO2d2008-01-17eSCl0oE-11501p1112041r2023-02-23 00:00:00w2023-02-23yMONOGRAFIA